| 000 | 00413nam a22001217a 4500 | ||
|---|---|---|---|
| 999 |
_c17275 _d17275 |
||
| 008 | 181015b xxu||||| |||| 00| 0 eng d | ||
| 020 | _a8120331723 | ||
| 050 |
_aQH585.5 _b.S97 2006 c.1 |
||
| 245 |
_aSystem Modelling in Cellular Biology _bFrom Concepts to Nuts and Bolts _cedited by Zoltan Szallasi, Jorg Stelling & Vipul Periwal |
||
| 260 |
_aIndia _bPrentice Hall _c2006 |
||
| 300 | _axiv, 448p. | ||
| 942 |
_2lcc _cBK |
||